Νάαμ ή λόγος : ο δημιουργός του σύμπαντος
Αποθηκεύτηκε σε:
| Κύριος συγγραφέας: | |
|---|---|
| Μορφή: | Βιβλίο |
| Γλώσσα: | Greek |
| Δημοσίευση: |
Αθήνα :
Πύρινος κόσμος,
|
| Θέματα: | |
| Ετικέτες: |
Προσθήκη ετικέτας
Δεν υπάρχουν, Καταχωρήστε ετικέτα πρώτοι!
|
MARC
| LEADER | 00000nam a2200000 i 4500 | ||
|---|---|---|---|
| 001 | 1/47781 | ||
| 008 | 961210s gre d | ||
| 035 | |l 10026559 | ||
| 040 | |a GR-MY-UA |b gre |e aacr | ||
| 041 | 0 | |a gre | |
| 082 | 0 | |a 291.422 | |
| 100 | 1 | |a Σίνγκ, Κίρπαλ. | |
| 245 | 1 | 0 | |a Νάαμ ή λόγος : |b ο δημιουργός του σύμπαντος / |c Κίρπαλ Σινγκ |
| 260 | |a Αθήνα : |b Πύρινος κόσμος, | ||
| 300 | |a 406 σ. | ||
| 650 | 0 | 0 | |a Mysticism |x Quotations, maxims, etc. |
| 852 | |a INST |b CHIOS |e 19961210 |h 291.422 ΣΙΝ |p 005200011847 |q 005200011847 |t BK |y 0 | ||
| 909 | |a Χ |b 016248 | ||